[Event "Berekfurdo tt"]
[Site "Berekfurdo"]
[Date "2013.10.06"]
[Round "7.4"]
[White "Dvornitzky, Beatrix"]
[Black "Kordela, Monika"]
[Result "1-0"]
[WhiteElo "1838"]
[BlackElo "1276"]
[PlyCount "77"]
[EventDate "2013.10.03"]
[EventType "team-tourn"]
[EventRounds "7"]
[EventCountry "HUN"]
[SourceTitle "CBM 156 Extra"]
[Source "ChessBase"]
[SourceDate "2013.10.22"]
[SourceVersion "1"]
[SourceVersionDate "2013.10.22"]
[SourceQuality "1"]
[WhiteTeam "Budapest ELTE"]
[BlackTeam "Jastrzebie Zdroj"]
[WhiteTeamCountry "HUN"]
[BlackTeamCountry "POL"]

1. e4 c5 2. Nf3 d6 3. d4 cxd4 4. Nxd4 Nf6 5. Nc3 g6 6. f3 Bg7 7. Be3 0-0 8. Qd2 Nc6 9. h4 h5 10. Be2 Bd7 11. 0-0-0 a6 12. g4 Qc8 13. gxh5 Nxh5 14. Rdg1 Ne5 15. Bh6 b5 16. Bxg7 Kxg7 17. Qg5 Nf6 18. f4 Neg4 19. Nf5+ Bxf5 20. exf5 Ne3 21. fxg6 Qf5 22. gxf7+ Kxf7 23. Qxf5 Nxf5 24. Bf3 Ra7 25. Rg5 Nd4 26. Bd1 Rc8 27. h5 b4 28. Nd5 b3 29. axb3 Nxb3+ 30. Kb1 Nd2+ 31. Ka2 Rc5 32. Nxf6 exf6 33. Rxc5 dxc5 34. h6 Kg8 35. Be2 a5 36. Bd3 Rc7 37. h7+ Kh8 38. Rd1 Nf3 39. Bf5 1-0

[Event "HUN-chT2 Charousek 1112"]
[Site "Hungary"]
[Date "2012.03.25"]
[Round "8"]
[White "Horvath, Rudolf"]
[Black "Dvornitzky, Beatrix"]
[Result "1-0"]
[WhiteElo "1863"]
[BlackElo "1966"]
[PlyCount "39"]
[EventDate "2011.09.25"]
[EventType "team-tourn"]
[EventRounds "11"]
[EventCountry "HUN"]
[SourceTitle "EXT 2013"]
[Source "ChessBase"]
[SourceDate "2012.11.22"]
[SourceVersion "1"]
[SourceVersionDate "2012.11.22"]
[SourceQuality "1"]
[WhiteTeam "Veszprem"]
[BlackTeam "BEAC"]
[WhiteTeamCountry "HUN"]
[BlackTeamCountry "HUN"]

1. c4 c6 2. d4 d5 3. Qc2 Nf6 4. e3 e6 5. Nf3 Be7 6. g3 0-0 7. Nbd2 dxc4 8. Nxc4 b5 9. Nce5 Bb7 10. Bg2 Bb4+ 11. Nd2 Qb6 12. 0-0 Nbd7 13. Nd3 Bd6 14. Nb3 Rad8 15. Bd2 e5 16. Ba5 Qa6 17. Bxd8 Rxd8 18. dxe5 Nxe5 19. Nxe5 Bxe5 20. Nc5 1-0

[Event "HUN-chT2 Charousek 1112"]
[Site "Hungary"]
[Date "2011.11.13"]
[Round "3"]
[White "Dvornitzky, Beatrix"]
[Black "Havanecz, Bianka"]
[Result "0-1"]
[WhiteElo "1966"]
[BlackElo "1995"]
[PlyCount "46"]
[EventDate "2011.09.25"]
[EventType "team-tourn"]
[EventRounds "11"]
[EventCountry "HUN"]
[SourceTitle "EXT 2013"]
[Source "ChessBase"]
[SourceDate "2012.11.22"]
[SourceVersion "1"]
[SourceVersionDate "2012.11.22"]
[SourceQuality "1"]
[WhiteTeam "BEAC"]
[BlackTeam "Aquaprofit II"]
[WhiteTeamCountry "HUN"]
[BlackTeamCountry "HUN"]

1. e4 c5 2. Nf3 d6 3. d4 cxd4 4. Nxd4 Nf6 5. Nc3 a6 6. f3 e5 7. Nb3 Be6 8. Be3 Be7 9. Be2 Nbd7 10. 0-0 0-0 11. Kh1 b5 12. a3 Rc8 13. Rc1 Nb6 14. Nd2 d5 15. Bxb6 Qxb6 16. exd5 Nxd5 17. Nxd5 Bxd5 18. Bd3 Bg5 19. Qe2 Qh6 20. Rcd1 Bf4 21. g4 Qh4 22. Be4 Bxe4 23. fxe4 Rxc2 0-1

[Event "HUN-chT2 Breyer 0607"]
[Site "Hungary"]
[Date "2007.05.20"]
[Round "11"]
[White "Dvornitzky, Beatrix"]
[Black "Szobi, Geza"]
[Result "1-0"]
[WhiteElo "1968"]
[BlackElo "2048"]
[PlyCount "119"]
[EventDate "2006.11.12"]
[EventType "team"]
[EventRounds "11"]
[EventCountry "HUN"]
[SourceTitle "EXT 2008"]
[Source "ChessBase"]
[SourceDate "2007.11.25"]
[SourceVersion "1"]
[SourceVersionDate "2007.11.25"]
[SourceQuality "1"]
[WhiteTeam "BEAC Rufusz II"]
[BlackTeam "Geniusz Tata"]
[WhiteTeamCountry "HUN"]
[BlackTeamCountry "HUN"]

1. e4 c5 2. Nf3 Nc6 3. d4 cxd4 4. Nxd4 Nf6 5. Nc3 a6 6. Be3 d6 7. f3 e6 8. Qd2 Be7 9. 0-0-0 Qc7 10. Kb1 b5 11. Nxc6 Qxc6 12. a3 Rb8 13. Na2 Nd7 14. Nb4 Qc7 15. Bf4 Ne5 16. b3 0-0 17. Na2 Bb7 18. Qc3 Rfc8 19. Bxe5 dxe5 20. Qxc7 Rxc7 21. Kb2 f5 22. Bd3 Bc8 23. Nc1 g6 24. h4 h5 25. Ne2 Kf7 26. g3 Bb7 27. Rhf1 Rbc8 28. Rc1 Bc5 29. c3 Rd8 30. Rcd1 Be3 31. Bc2 Rdc8 32. Rd3 Bb6 33. Rd2 a5 34. Rfd1 Ke7 35. Bb1 Be3 36. Rd3 Bc5 37. R3d2 Ba6 38. b4 Be3 39. Rd3 Bf2 40. Rd6 Rc6 41. Rd7+ Kf8 42. Ba2 axb4 43. axb4 R8c7 44. Rxc7 Rxc7 45. Bxe6 fxe4 46. fxe4 Ke7 47. Bd5 Rc8 48. Ra1 Rf8 49. Rxa6 Be3 50. Kb3 Rf2 51. Ra2 Kd6 52. c4 bxc4+ 53. Kxc4 g5 54. hxg5 Bxg5 55. b5 h4 56. gxh4 Bxh4 57. b6 Bd8 58. b7 Bc7 59. Nc3 Rf8 60. Nb5+ 1-0

[Event "HUN-chT2 Breyer 0607"]
[Site "Hungary"]
[Date "2007.03.25"]
[Round "7"]
[White "Dvornitzky, Beatrix"]
[Black "Rozsa, Sandor"]
[Result "0-1"]
[WhiteElo "1968"]
[BlackElo "2022"]
[PlyCount "48"]
[EventDate "2006.11.12"]
[EventType "team"]
[EventRounds "11"]
[EventCountry "HUN"]
[SourceTitle "EXT 2008"]
[Source "ChessBase"]
[SourceDate "2007.11.25"]
[SourceVersion "1"]
[SourceVersionDate "2007.11.25"]
[SourceQuality "1"]
[WhiteTeam "BEAC Rufusz II"]
[BlackTeam "Honved II"]
[WhiteTeamCountry "HUN"]
[BlackTeamCountry "HUN"]

1. e4 c6 2. d4 d5 3. Nd2 dxe4 4. Nxe4 Nd7 5. Bd3 Ngf6 6. Nxf6+ Nxf6 7. c3 e6 8. Bf4 Bd6 9. Bg3 b6 10. Nf3 Bb7 11. 0-0 Bxg3 12. hxg3 0-0 13. Qc2 Rc8 14. g4 Nxg4 15. Bxh7+ Kh8 16. Bd3 c5 17. Be4 Bxe4 18. Qxe4 Nf6 19. Qh4+ Nh7 20. Qh5 cxd4 21. Rfd1 Rc5 22. Qh3 d3 23. Ne1 d2 24. Nd3 Rd5 0-1

[Event "HUN-chT2 Breyer 0506"]
[Site "Hungary"]
[Date "2006.02.26"]
[Round "8"]
[White "Dvornitzky, Beatrix"]
[Black "Komlosi, Tibor"]
[Result "1-0"]
[WhiteElo "1963"]
[BlackElo "1897"]
[PlyCount "87"]
[EventDate "2005.10.16"]
[EventType "team"]
[EventRounds "11"]
[EventCountry "HUN"]
[SourceTitle "EXT 2009"]
[Source "ChessBase"]
[SourceDate "2008.11.26"]
[SourceVersion "1"]
[SourceVersionDate "2008.11.26"]
[SourceQuality "1"]
[WhiteTeam "Barcza"]
[BlackTeam "Kisber Aszar"]
[WhiteTeamCountry "HUN"]
[BlackTeamCountry "HUN"]

1. e4 e6 2. d4 d5 3. exd5 exd5 4. Nf3 Bd6 5. c4 c6 6. Nc3 Be6 7. cxd5 cxd5 8. Qb3 Qe7 9. Be3 Nc6 10. Bb5 a6 11. Bxc6+ bxc6 12. h3 Nf6 13. Qc2 h6 14. 0-0 0-0 15. Rfe1 Qd7 16. Ne5 Qc8 17. Qe2 Nd7 18. Bf4 Re8 19. Qf3 Qb7 20. Rab1 Bf5 21. Rbc1 Nxe5 22. Bxe5 Bxe5 23. dxe5 Bg6 24. b3 Re7 25. Na4 Rae8 26. Qc3 Rc8 27. Nc5 Qb6 28. Kh1 Rce8 29. f4 f6 30. Re2 Qb5 31. Rce1 Rd8 32. Qd4 fxe5 33. Rxe5 Rxe5 34. fxe5 Qb6 35. b4 Rb8 36. a3 Rf8 37. Qg4 Bf5 38. Qh4 a5 39. e6 g6 40. Qxh6 Re8 41. Re5 Re7 42. Nd7 Rxd7 43. exd7 Bxd7 44. Re7 1-0

[Event "HUN-ch U16 Girls"]
[Site "Balatonlelle"]
[Date "2005.07.07"]
[Round "9"]
[White "Toth, Sarolta"]
[Black "Dvornitzky, Beatrix"]
[Result "1-0"]
[WhiteElo "1989"]
[BlackElo "1938"]
[PlyCount "67"]
[EventDate "2005.06.29"]
[EventType "swiss"]
[EventRounds "9"]
[EventCountry "HUN"]
[SourceTitle "EXT 2008"]
[Source "ChessBase"]
[SourceDate "2007.11.25"]
[SourceVersion "1"]
[SourceVersionDate "2007.11.25"]
[SourceQuality "1"]

1. c4 c6 2. e3 d5 3. b3 e5 4. Bb2 Nd7 5. Nf3 Bd6 6. d3 Ngf6 7. Nbd2 0-0 8. Be2 Qc7 9. h3 Re8 10. 0-0 Nf8 11. Rc1 Qe7 12. Re1 Ng6 13. Qc2 Bd7 14. Qb1 Rac8 15. Qa1 h6 16. Bf1 Nh7 17. a3 Ng5 18. b4 Qf6 19. Be2 Nxf3+ 20. Nxf3 Nh4 21. Nxh4 Qxh4 22. b5 Re6 23. Bg4 Re7 24. Bxd7 Rxd7 25. cxd5 c5 26. Bxe5 g5 27. Bxd6 Rxd6 28. Rc4 Qh5 29. Qe5 Rcd8 30. e4 b6 31. d4 f6 32. Qf5 cxd4 33. Rc7 Kf8 34. Qh7 1-0

[Event "HUN-ch U16 Girls"]
[Site "Balatonlelle"]
[Date "2005.07.05"]
[Round "7"]
[White "Dvornitzky, Beatrix"]
[Black "Revesz, Kinga"]
[Result "1/2-1/2"]
[WhiteElo "1938"]
[BlackElo "1954"]
[PlyCount "61"]
[EventDate "2005.06.29"]
[EventType "swiss"]
[EventRounds "9"]
[EventCountry "HUN"]
[SourceTitle "EXT 2008"]
[Source "ChessBase"]
[SourceDate "2007.11.25"]
[SourceVersion "1"]
[SourceVersionDate "2007.11.25"]
[SourceQuality "1"]

1. e4 c5 2. Nf3 e6 3. d4 cxd4 4. Nxd4 a6 5. c4 Qc7 6. Nc3 Nf6 7. Bd3 Bc5 8. Be3 b6 9. 0-0 Bb7 10. Qe2 d6 11. Rac1 Nbd7 12. f3 0-0 13. a3 Ne5 14. b4 Bxd4 15. Bxd4 Nxd3 16. Qxd3 Rac8 17. Bxf6 gxf6 18. Ne2 Kh8 19. f4 Rg8 20. Ng3 Rg4 21. f5 e5 22. Rfd1 Rd8 23. Rc2 h5 24. Qe3 Rg5 25. h4 Rxg3 26. Qxg3 Bxe4 27. Rf2 Qxc4 28. Qe3 Kh7 29. Qxb6 Rg8 30. Qxd6 Bxg2 31. Rxg2 1/2-1/2

[Event "HUN-ch U16 Girls"]
[Site "Balatonlelle"]
[Date "2005.07.04"]
[Round "6"]
[White "Ignacz, Rozsa"]
[Black "Dvornitzky, Beatrix"]
[Result "1/2-1/2"]
[WhiteElo "1859"]
[BlackElo "1938"]
[PlyCount "96"]
[EventDate "2005.06.29"]
[EventType "swiss"]
[EventRounds "9"]
[EventCountry "HUN"]
[SourceTitle "EXT 2008"]
[Source "ChessBase"]
[SourceDate "2007.11.25"]
[SourceVersion "1"]
[SourceVersionDate "2007.11.25"]
[SourceQuality "1"]

1. e4 e5 2. Nf3 Nf6 3. Nxe5 d6 4. Nf3 Nxe4 5. d4 d5 6. Bd3 Be7 7. 0-0 0-0 8. c4 Nf6 9. Nc3 Bg4 10. Re1 Re8 11. a4 Nc6 12. cxd5 Nxd5 13. Rb1 Ndb4 14. Bc4 Bf6 15. Rxe8+ Qxe8 16. Qb3 Bxf3 17. gxf3 Bxd4 18. Bf4 Qe7 19. Nd5 Nxd5 20. Bxd5 Nd8 21. Rd1 Bb6 22. Qc2 c6 23. Be4 h6 24. Re1 Kh8 25. Qd2 Qf6 26. a5 Ne6 27. Bg3 Rd8 28. Qb4 Rd4 29. Qa3 Bc5 30. Qb3 Rb4 31. Qd3 Qd4 32. Qxd4 Bxd4 33. a6 Rxb2 34. axb7 Rxb7 35. Bxc6 Rb6 36. Bd5 g6 37. Re4 Bf6 38. Ra4 Rb1+ 39. Kg2 Ra1 40. Rb4 a5 41. Rb6 Re1 42. Ra6 Bc3 43. Bxe6 fxe6 44. Bc7 Kg8 45. Bxa5 Ra1 46. Ra8+ Kf7 47. Ra7+ Ke8 48. Bb6 Rxa7 1/2-1/2

[Event "HUN-ch U16 Girls"]
[Site "Balatonlelle"]
[Date "2005.07.02"]
[Round "4"]
[White "Dvornitzky, Beatrix"]
[Black "Szekely, Anna"]
[Result "0-1"]
[WhiteElo "1938"]
[BlackElo "1766"]
[PlyCount "74"]
[EventDate "2005.06.29"]
[EventType "swiss"]
[EventRounds "9"]
[EventCountry "HUN"]
[SourceTitle "EXT 2008"]
[Source "ChessBase"]
[SourceDate "2007.11.25"]
[SourceVersion "1"]
[SourceVersionDate "2007.11.25"]
[SourceQuality "1"]

1. e4 e5 2. Nf3 Nc6 3. d4 exd4 4. Nxd4 Nf6 5. Nxc6 dxc6 6. Qxd8+ Kxd8 7. Bg5 Be7 8. Nc3 h6 9. 0-0-0+ Bd7 10. Bh4 Bd6 11. Bxf6+ gxf6 12. Bd3 Ke7 13. a3 Rae8 14. f3 Kd8 15. Kb1 Kc8 16. g3 Rhg8 17. f4 Bg4 18. Rde1 Bh3 19. Bf1 Bg4 20. Bg2 Be6 21. Bf3 Kb8 22. Nd1 Bc5 23. b4 Bb6 24. Ne3 Bxe3 25. Rxe3 f5 26. exf5 Ba2+ 27. Kxa2 Rxe3 28. Bh5 f6 29. Rd1 Re7 30. h4 Kc8 31. Bg6 Rd8 32. Rxd8+ Kxd8 33. g4 Re4 34. g5 Rxf4 35. gxh6 Rxh4 36. h7 Rh3 37. Kb2 Ke7 0-1

[Event "HUN-ch U16 Girls"]
[Site "Balatonlelle"]
[Date "2005.07.01"]
[Round "3"]
[White "Ignacz, Maria"]
[Black "Dvornitzky, Beatrix"]
[Result "1-0"]
[WhiteElo "2187"]
[BlackElo "1938"]
[PlyCount "63"]
[EventDate "2005.06.29"]
[EventType "swiss"]
[EventRounds "9"]
[EventCountry "HUN"]
[SourceTitle "EXT 2008"]
[Source "ChessBase"]
[SourceDate "2007.11.25"]
[SourceVersion "1"]
[SourceVersionDate "2007.11.25"]
[SourceQuality "1"]

1. c4 c6 2. Nf3 d5 3. Qc2 Nf6 4. g3 Bg4 5. Bg2 Nbd7 6. d3 h6 7. Nbd2 e5 8. 0-0 Be7 9. b3 0-0 10. Bb2 d4 11. a3 b6 12. b4 Rc8 13. Rae1 c5 14. b5 Bd6 15. e4 Qe7 16. Nh4 Nh7 17. Nf5 Qe6 18. Nxd6 Qxd6 19. f4 f6 20. Bc1 g5 21. Nf3 Bxf3 22. Rxf3 Rce8 23. Ref1 Re7 24. Qd1 Qe6 25. R3f2 Qf7 26. Kh1 Qg7 27. Bh3 Kh8 28. Bf5 Rg8 29. Qh5 Ndf8 30. Bxh7 Kxh7 31. fxg5 Qg6 32. Qh3 1-0

[Event "HUN-ch U16 Girls"]
[Site "Balatonlelle"]
[Date "2005.06.30"]
[Round "2"]
[White "Dvornitzky, Beatrix"]
[Black "Bali, Eszter"]
[Result "1-0"]
[WhiteElo "1938"]
[BlackElo "1872"]
[PlyCount "91"]
[EventDate "2005.06.29"]
[EventType "swiss"]
[EventRounds "9"]
[EventCountry "HUN"]
[SourceTitle "EXT 2008"]
[Source "ChessBase"]
[SourceDate "2007.11.25"]
[SourceVersion "1"]
[SourceVersionDate "2007.11.25"]
[SourceQuality "1"]

1. e4 e6 2. d4 d5 3. exd5 exd5 4. Nf3 Bd6 5. c4 Nf6 6. c5 Be7 7. Nc3 c6 8. h3 b6 9. Be3 Qc7 10. b4 Bf5 11. Bd3 Bxd3 12. Qxd3 Nbd7 13. 0-0 0-0 14. Nh4 g6 15. Bh6 Rfe8 16. g3 Nf8 17. Rae1 Qd7 18. Kg2 Kh8 19. Bg5 Ne6 20. f4 Kg7 21. Nf3 Qc7 22. Ne5 Nd7 23. Bxe7 Nxe5 24. Rxe5 Rxe7 25. f5 gxf5 26. Rfxf5 f6 27. Re1 Ng5 28. Ref1 Rae8 29. Nd1 Ne4 30. Re1 bxc5 31. dxc5 a5 32. a3 axb4 33. axb4 Qb8 34. b5 cxb5 35. Rxd5 Qb7 36. Rxe4 Qxd5 37. Qxd5 Rxe4 38. Nc3 R4e7 39. Nxb5 Re2+ 40. Kf3 R2e3+ 41. Kf4 R8e5 42. Qd4 Re1 43. Qd7+ Kg6 44. Qd3+ Kh6 45. c6 R5e2 46. Kf3 1-0

[Event "Szombathely op"]
[Site "Szombathely"]
[Date "2004.07.19"]
[Round "1"]
[White "Dvornitzky, Beatrix"]
[Black "Grunberg, Mihai Lucian"]
[Result "0-1"]
[WhiteElo "1923"]
[BlackElo "2403"]
[PlyCount "80"]
[EventDate "2004.07.19"]
[EventType "swiss"]
[EventRounds "9"]
[EventCountry "HUN"]
[SourceTitle "EXT 2008"]
[Source "ChessBase"]
[SourceDate "2007.11.25"]
[SourceVersion "1"]
[SourceVersionDate "2007.11.25"]
[SourceQuality "1"]

1. e4 Nf6 2. Nc3 d5 3. e5 Nfd7 4. d4 c5 5. dxc5 e6 6. Nf3 Bxc5 7. Bb5 a6 8. Bd3 Nc6 9. Bf4 Qb6 10. 0-0 Qxb2 11. Na4 Qb4 12. Nxc5 Qxf4 13. Nxd7 Bxd7 14. Re1 Rc8 15. Rb1 b5 16. Re3 0-0 17. Qe1 f5 18. c3 d4 19. cxd4 Nxd4 20. Nxd4 Qxd4 21. Rd1 Qa7 22. Rh3 Bc6 23. Be2 Bd5 24. a3 Rc2 25. Bf3 Bxf3 26. Rxf3 Rfc8 27. Rfd3 h6 28. Rd6 R8c6 29. Rd8+ Kh7 30. h3 Qc5 31. R8d3 a5 32. Rf3 Rc1 33. Rfd3 Rxd1 34. Rxd1 Qxa3 35. Ra1 Qb4 36. Qxb4 axb4 37. Rb1 Rc4 38. f3 f4 39. Kf2 Kg6 40. g3 Kf5 0-1

[Event "HUN-ch U16 Girls"]
[Site "Miskolc"]
[Date "2004.07.10"]
[Round "6"]
[White "Domany, Zsofia"]
[Black "Dvornitzky, Beatrix"]
[Result "1-0"]
[WhiteElo "2041"]
[BlackElo "1923"]
[PlyCount "55"]
[EventDate "2004.07.05"]
[EventType "swiss"]
[EventRounds "9"]
[EventCountry "HUN"]
[SourceTitle "EXT 2008"]
[Source "ChessBase"]
[SourceDate "2007.11.25"]
[SourceVersion "1"]
[SourceVersionDate "2007.11.25"]
[SourceQuality "1"]

1. e4 e5 2. Nf3 Nf6 3. Nc3 Bb4 4. Bc4 Nc6 5. 0-0 0-0 6. d3 Bxc3 7. bxc3 d5 8. exd5 Nxd5 9. Bd2 Bg4 10. h3 Bh5 11. Re1 Re8 12. Rb1 Rb8 13. Bb5 f5 14. Bxc6 bxc6 15. Rxb8 Qxb8 16. g4 fxg4 17. Nxe5 Nf6 18. hxg4 Qb5 19. d4 Bf7 20. g5 Bh5 21. f3 Nd5 22. c4 Qa4 23. c3 Qxd1 24. Rxd1 Nb6 25. c5 Nd5 26. Rb1 Rf8 27. Kf2 Ra8 28. Nxc6 1-0